000 00329nam a2200133 i 4500
001 bg
100 1 _aRACINOWSKI, Roman
245 0 _aWprowadzenie do fizjografii urbanistycznej /
_cRoman Racinowski.
260 _aSzczecin,
_c1976.
040 _cBPK
041 _apol
942 _cKS
008 s pl f |000 0 pol
999 _c17074
_d17074
856 _uhttp://koha.tu.koszalin.pl/cgi-bin/koha/opac-detail.pl?biblionumber=17074
_yKatalog online BPK